<?xml version="1.0" encoding="UTF-8"?>
<record
    xmlns:xsi="http://www.w3.org/2001/XMLSchema-instance"
    xsi:schemaLocation="http://www.loc.gov/MARC21/slim http://www.loc.gov/standards/marcxml/schema/MARC21slim.xsd"
    xmlns="http://www.loc.gov/MARC21/slim">

  <leader>01833nam a22002537a 4500</leader>
  <controlfield tag="005">20260128092108.0</controlfield>
  <controlfield tag="008">260128b        |||||||| |||| 00| 0 eng d</controlfield>
  <datafield tag="020" ind1=" " ind2=" ">
    <subfield code="a">9781786330444</subfield>
  </datafield>
  <datafield tag="040" ind1=" " ind2=" ">
    <subfield code="c">AL</subfield>
  </datafield>
  <datafield tag="041" ind1=" " ind2=" ">
    <subfield code="a">English</subfield>
  </datafield>
  <datafield tag="082" ind1=" " ind2=" ">
    <subfield code="a">294.344</subfield>
    <subfield code="b">LAMB</subfield>
  </datafield>
  <datafield tag="100" ind1=" " ind2=" ">
    <subfield code="a">Dalai Lama</subfield>
    <subfield code="9">252872</subfield>
  </datafield>
  <datafield tag="245" ind1=" " ind2=" ">
    <subfield code="a">Book of Joy</subfield>
    <subfield code="b">; lasting happiness in a changing world</subfield>
  </datafield>
  <datafield tag="260" ind1=" " ind2=" ">
    <subfield code="a">New York</subfield>
    <subfield code="b">Peguin Random House</subfield>
    <subfield code="c">2016</subfield>
  </datafield>
  <datafield tag="300" ind1=" " ind2=" ">
    <subfield code="a">238p.</subfield>
    <subfield code="b">PB</subfield>
    <subfield code="c">21x13.5cm</subfield>
  </datafield>
  <datafield tag="365" ind1=" " ind2=" ">
    <subfield code="a">IN-2427</subfield>
    <subfield code="b">&#x20B9;399.15</subfield>
    <subfield code="c">&#x20B9;</subfield>
    <subfield code="d">&#x20B9;399.15</subfield>
    <subfield code="f">14-01-2026</subfield>
  </datafield>
  <datafield tag="520" ind1=" " ind2=" ">
    <subfield code="a">Two spiritual giants. Seven days. One timeless question.

''The ultimate source of happiness is within us.'' DALAI LAMA

''We grow in kindness when our kindness is tested.'' DESMOND TUTU
Two spiritual giants. Seven days. One timeless question.

''The ultimate source of happiness is within us.'' DALAI LAMA

''We grow in kindness when our kindness is tested.'' DESMOND TUTU

Archbishop Desmond Tutu and the Dalai Lama have been friends for many, many years. Between them, they have endured exile, violence and oppression. And in the face of these hardships, they have continued to radiate compassion, humour and above all, joy.
To celebrate His Holiness''s eightieth birthday, Archbishop Tutu travelled to the Dalai Lama''s home in Dharamsala. The two men spent a week discussing a single burning question: how do we find joy in the face of suffering?
This book is a gift from two of the most important spiritual figures of our time. Full of love, warmth and hope, The Book of Joy offers us the chance to experience their journey from first embrace to final goodbye.
</subfield>
  </datafield>
  <datafield tag="650" ind1=" " ind2=" ">
    <subfield code="a">The Nature of Joy</subfield>
    <subfield code="9">252873</subfield>
  </datafield>
  <datafield tag="650" ind1=" " ind2=" ">
    <subfield code="a">The Obstacles to Joy</subfield>
    <subfield code="9">252874</subfield>
  </datafield>
  <datafield tag="650" ind1=" " ind2=" ">
    <subfield code="a">The Eight Pillars of Joy</subfield>
    <subfield code="9">252875</subfield>
  </datafield>
  <datafield tag="700" ind1=" " ind2=" ">
    <subfield code="a">Tutu,Desmond</subfield>
    <subfield code="9">252876</subfield>
  </datafield>
  <datafield tag="700" ind1=" " ind2=" ">
    <subfield code="a">Abrama, Douglas</subfield>
    <subfield code="9">252877</subfield>
  </datafield>
  <datafield tag="942" ind1=" " ind2=" ">
    <subfield code="2">ddc</subfield>
    <subfield code="c">BK</subfield>
  </datafield>
  <datafield tag="999" ind1=" " ind2=" ">
    <subfield code="c">240825</subfield>
    <subfield code="d">240825</subfield>
  </datafield>
  <datafield tag="952" ind1=" " ind2=" ">
    <subfield code="0">0</subfield>
    <subfield code="1">0</subfield>
    <subfield code="2">ddc</subfield>
    <subfield code="4">0</subfield>
    <subfield code="7">0</subfield>
    <subfield code="8">MAN</subfield>
    <subfield code="a">AL</subfield>
    <subfield code="b">AL</subfield>
    <subfield code="c">SK</subfield>
    <subfield code="d">2026-01-23</subfield>
    <subfield code="e">amazon.in</subfield>
    <subfield code="g">399.15</subfield>
    <subfield code="l">0</subfield>
    <subfield code="o">294.344 LAMB</subfield>
    <subfield code="p">078082</subfield>
    <subfield code="r">2026-01-28 09:25:43</subfield>
    <subfield code="v">399.15</subfield>
    <subfield code="w">2026-01-14</subfield>
    <subfield code="y">BK</subfield>
  </datafield>
</record>
